03427nam a2200301 u 45000010006000000050017000060080041000230200018000640350010000820350021000920400013001130410008001260820008001341000093001422450050002352500017002852600049003023000019003515051780003705200778021506500030029286500033029586500021029916500029030126500022030416500032030636500030030952233820260504071958.0960313s1949 eng  a9780486601137 a22338 a(OCoLC)778061387 ccomduadb aeng 4a53010aHeisenberg, Werner Karl,d1901-19764aut0(isni)0000 0001 2131 89130(viaf)49241584eaut14aThe physical principles of the quantum theory a1. edición aEstados Unidos :bDover Publications,c1949. a184 páginas. aCONTENIDO : I. Introductorio. -- 1. Teoría y experimento. -- 2. Los conceptos fundamentales de la teoría cuántica. -- II. Crítica de los conceptos físicos de la teoría corpuscular. -- III. Crítica de los conceptos físicos de la teoría de las olas. -- 1. Las relaciones de incertidumbre para las olas. -- 2. Discusión de una medición real del campo electromagnético. -- IV. La interpretación estadística de la teoría cuántica. -- 1. Consideraciones matemáticas. -- 2. Interferencia de probabilidades. -- 3. Concepto de complementariedad de Bohr. -- V. Discusión de experimentos importantes. -- 1. Los experimentos de C. T. R. Wilson. -- 2. Experimentos de difracción. -- 3. El experimento de Einstein y Rupp. -- 4. "Emisión, absorción y dispersión de radiación". -- 5. Interferencia y las leyes de conservación. -- 6. El efecto Compton y el experimento Compton-Simon. -- 7. Fenómenos de fluctuación de radiación. -- 8. Formulación relativista de la teoría cuántica. -- Apéndice: aparato matemático de la teoría cuántica. -- 1. El concepto corpuscular de la materia. -- 2. La teoría de la transformación. -- 3. La ecuación de Schrödinger. -- 4. El método de perturbación. -- 5. Resonancia entre dos átomos: la interpretación física de las matrices de transformación. -- 6. El concepto corpuscular para la radiación. -- 7. Estadísticas cuánticas. -- 8. El concepto de onda para la materia y la radiación: teoría clásica. -- 9. Teoría cuántica de los campos de ondas. -- 10. Aplicación a olas de carga negativa. -- 11. Prueba de la equivalencia matemática de la teoría cuántica de partículas y ondas. -- 12. Aplicación a la teoría de la radiación. --Índice.3 aLas contribuciones de pocos científicos contemporáneos han sido tan amplias en sus efectos como las del Premio Nobel Werner Heisenberg. Su teoría matricial es una de las bases de la mecánica cuántica moderna, mientras que su "principio de incertidumbre" ha alterado toda nuestra filosofía de la ciencia. En este clásico, basado en conferencias impartidas en la Universidad de Chicago, Heisenberg presenta una imagen física completa de la teoría cuántica. Cubre no solo sus propias contribuciones, sino también las de Bohr, Dirac, Bose, de Broglie, Fermi, Einstein, Pauli, Schrodinger, Somerfield, Rupp, Wilson, Germer y otros en un texto escrito para el científico físico que es no es especialista en teoría cuántica o en matemática moderna. 7aTeoría cuántica2lemb aTeoria corpuscular de la luz aTeoría de Bohr aEstadística cuántica 7aRadiación2lemb aEcuación de Schrödinger 7aTeoría cuántica2lemb